Использование активных технологий в обучении иностранному языку; Коммуникативные аспекты языка и культуры; Ч. 1
| Parent link: | Коммуникативные аспекты языка и культуры: сборник материалов XII Международной научно-практической конференции студентов и молодых ученых, г. Томск, 16-18 мая 2012 г./ Национальный исследовательский Томский политехнический университет (ТПУ), Институт международного образования и языковой коммуникации (ИМОЯК) ; под ред. С. А. Песоцкой.— , 2012 Ч. 1.— 2012.— [С. 128-131] |
|---|---|
| Main Author: | |
| Summary: | Заглавие с титульного листа. Электронная версия печатной публикации. |
| Language: | Russian |
| Published: |
2012
|
| Series: | Методика преподавания иностранных языков: инновации и традиции |
| Subjects: | |
| Online Access: | http://www.lib.tpu.ru/fulltext/c/2012/C77/V1/027.pdf |
| Format: | MixedMaterials Electronic Book Chapter |
| KOHA link: | https://koha.lib.tpu.ru/cgi-bin/koha/opac-detail.pl?biblionumber=608003 |
MARC
| LEADER | 00000naa2a2200000 4500 | ||
|---|---|---|---|
| 001 | 608003 | ||
| 005 | 20260316164746.0 | ||
| 035 | |a (RuTPU)RU\TPU\conf\5419 | ||
| 035 | |a RU\TPU\conf\5361 | ||
| 090 | |a 608003 | ||
| 100 | |a 20140911d2012 k y0rusy50 ca | ||
| 101 | 0 | |a rus | |
| 102 | |a RU | ||
| 135 | |a drcn ---uucaa | ||
| 181 | 0 | |a i | |
| 182 | 0 | |a b | |
| 200 | 1 | |a Использование активных технологий в обучении иностранному языку |f Н. Е. Цедрик | |
| 203 | |a Текст |c электронный | ||
| 215 | |a 1 файл (109 Кб) | ||
| 225 | 1 | |a Методика преподавания иностранных языков: инновации и традиции | |
| 300 | |a Заглавие с титульного листа. | ||
| 300 | |a Электронная версия печатной публикации. | ||
| 320 | |a [Библиогр.: с. 131 (4 назв.)] | ||
| 337 | |a Adobe Reader | ||
| 461 | 0 | |0 (RuTPU)RU\TPU\conf\4597 |t Коммуникативные аспекты языка и культуры |o сборник материалов XII Международной научно-практической конференции студентов и молодых ученых, г. Томск, 16-18 мая 2012 г. |o в 3 ч. |f Национальный исследовательский Томский политехнический университет (ТПУ), Институт международного образования и языковой коммуникации (ИМОЯК) ; под ред. С. А. Песоцкой |d 2012 | |
| 463 | 1 | |0 (RuTPU)RU\TPU\conf\4599 |t Ч. 1 |v [С. 128-131] |d 2012 | |
| 610 | 1 | |a электронный ресурс | |
| 610 | 1 | |a труды учёных ТПУ | |
| 610 | 1 | |a технологии | |
| 610 | 1 | |a обучение | |
| 610 | 1 | |a иностранные языки | |
| 610 | 1 | |a методики | |
| 610 | 1 | |a активные методы | |
| 700 | 1 | |a Цедрик |b Н. Е. | |
| 801 | 1 | |a RU |b 63413507 |c 20140902 | |
| 801 | 2 | |a RU |b 63413507 |c 20160122 |g RCR | |
| 856 | 4 | |u http://www.lib.tpu.ru/fulltext/c/2012/C77/V1/027.pdf | |
| 942 | |c BK | ||